Gone rogue, :bWires and Nerve / Marissa Meyer ; art by Doug Holgate with Stephen Gilpin.
Iko, an audacious android and best friend to the Lunar Queen Cinder, has been tasked with hunting down Alpha Lysander Steele, the leader of a rogue band of bioengineered wolf-soldiers who threaten to undo the tenuous peace agreement between Earth and Luna. Unless Cinder can reverse the mutations that were forced on them years before, Steele and his soldiers plan to satisfy their monstrous appetites with a massacre of the innocent people of Earth. And to show he's serious, Steele is taking hostages. Iko must face her deepest fears when she uncovers the truth about her own unusual programming.
Record details
- ISBN: 9781250078285
- ISBN: 1250078288
- ISBN: 9781250078292
- ISBN: 1250078296
- Physical Description: 324 pages : illustrations (some color) ; 23 centimeters.
- Edition: First edition.
- Publisher: New York : Feiwel and Friends, [2018]
Content descriptions
| General Note: | Chiefly illustrations. |
| Target Audience Note: | Grades 7-8. |
Search for related items by subject
| Subject: | Werewolves > Comic books, strips, etc. Imaginary wars and battles > Comic books, strips, etc. Moon > Comic books, strips, etc. |
| Genre: | Graphic novtels |
Search for related items by series
Available copies
- 1 of 1 copy available at scottsboropl.
Holds
- 0 current holds with 1 total copy.
Show Only Available Copies
| Location | Call Number / Copy Notes | Barcode | Shelving Location | Status | Due Date |
|---|---|---|---|---|---|
| scottsboropl | YA GN Mey | 32269001130106 | Young Adult - Graphic Novel | Available | - |
| LDR | 01495cam a2200385Mi 4500 | ||
|---|---|---|---|
| 001 | 152218 | ||
| 003 | SBPL | ||
| 005 | 20190905125441.0 | ||
| 008 | 180201t20182018nyua d 6 000 0 eng d | ||
| 020 | . | ‡a9781250078285 ‡q(hardcover) | |
| 020 | . | ‡a1250078288 ‡q(hardcover) | |
| 020 | . | ‡a9781250078292 ‡q(paperback) | |
| 020 | . | ‡a1250078296 ‡q(paperback) | |
| 035 | . | ‡a(CONS)152218 | |
| 035 | . | ‡a(CPomAG)LMN613793 | |
| 050 | 4. | ‡aPZ7.7.M49 ‡bWir 2017 | |
| 100 | 1 | . | ‡aMeyer, Marissa,: ‡eauthor. |
| 245 | 1 | 0. | ‡aGone rogue, :bWires and Nerve / ‡cMarissa Meyer ; art by Doug Holgate with Stephen Gilpin. |
| 246 | 3 | 0. | ‡aWires and nerve. ‡nVol 2, ‡pGone rogue |
| 246 | 3 | . | ‡aWires & nerve. ‡nVolume 2 |
| 250 | . | ‡aFirst edition. | |
| 264 | 1. | ‡aNew York : ‡bFeiwel and Friends, ‡c[2018] | |
| 300 | . | ‡a324 pages : ‡billustrations (some color) ; ‡c23 centimeters. | |
| 336 | . | ‡atext ‡btxt ‡2rdacontent | |
| 336 | . | ‡astill image ‡bsti ‡2rdacontent | |
| 337 | . | ‡aunmediated ‡bn ‡2rdamedia | |
| 338 | . | ‡avolume ‡bnc ‡2rdacarrier | |
| 490 | 1 | . | ‡aWires and Nerve ; ‡vBk 2. |
| 500 | . | ‡aChiefly illustrations. | |
| 520 | . | ‡aIko, an audacious android and best friend to the Lunar Queen Cinder, has been tasked with hunting down Alpha Lysander Steele, the leader of a rogue band of bioengineered wolf-soldiers who threaten to undo the tenuous peace agreement between Earth and Luna. Unless Cinder can reverse the mutations that were forced on them years before, Steele and his soldiers plan to satisfy their monstrous appetites with a massacre of the innocent people of Earth. And to show he's serious, Steele is taking hostages. Iko must face her deepest fears when she uncovers the truth about her own unusual programming. | |
| 521 | 8 | . | ‡aGrades 7-8. |
| 650 | 0. | ‡aWerewolves ‡vComic books, strips, etc. | |
| 650 | 0. | ‡aImaginary wars and battles ‡vComic books, strips, etc. | |
| 651 | 0. | ‡aMoon ‡vComic books, strips, etc. | |
| 655 | 7. | ‡aGraphic novtels ‡2lcgft | |
| 830 | 0. | ‡aWires and Nerve ; ‡vBk 2. | |
| 901 | . | ‡a152218 ‡bUnknown ‡c152218 ‡tbiblio | |